000 00394nam a2200169Ia 4500
001 2847
003 IN-NITTTR
005 20251114232937.0
008 251113s9999||||xx |||||||||||||| ||eng||
040 _beng
040 _cIN-NITTTR
041 _aeng
082 _a621.4021 B735A
100 _aBranson, Stanley H.
245 0 _aApplied thermodynamics /
_cBranson, Stanley H.
942 _2ddc
_cBK
999 _c4552
_d4552